书目信息 |
| 题名: |
数据结构
|
|
| 作者: | 殷人昆 编著 | |
| 分册: | ||
| 出版信息: | 北京 清华大学出版社 2017.05 |
|
| 页数: | 10, 404页 | |
| 开本: | 26cm | |
| 丛书名: | ||
| 单 册: | ||
| 中图分类: | TP311.12 , TP312 | |
| 科图分类: | ||
| 主题词: | 数据结构--shu ju jie gou--高等学校--教材 , C语言--Cyu yan--程序设计--高等学校--教材 | |
| 电子资源: | ||
| ISBN: | 978-7-302-45989-7 | |
| 000 | 01037nam0 2200277 450 | |
| 001 | 0106081930 | |
| 005 | 20201109093615.75 | |
| 010 | @a978-7-302-45989-7@dCNY49.50 | |
| 100 | @a20181129e20192017em y0chiy50 ea | |
| 101 | 0 | @achi |
| 102 | @aCN@b110000 | |
| 105 | @ay z 001yy | |
| 106 | @ar | |
| 200 | 1 | @a数据结构@Ashu ju jie gou@eC语言版@f殷人昆编著 |
| 205 | @a2版 | |
| 210 | @a北京@c清华大学出版社@d2017.05@h2019.12 | |
| 215 | @a10, 404页@d26cm | |
| 300 | @a清华大学计算机系列教材 | |
| 330 | @a本书共8章。第1章介绍数据结构的地位和主要知识点,数据结构和算法的基本概念和算法分析的简单方法,以及C语言编程的要点。第2~8章分别介绍了线性表、栈和队列及其应用、多维数组、特殊矩阵、稀疏矩阵、字符串和广义表、树与二叉树、图、查找、排序,并做了适当延伸。 | |
| 606 | 0 | @a数据结构@Ashu ju jie gou@x高等学校@j教材 |
| 606 | 0 | @aC语言@ACyu yan@x程序设计@x高等学校@j教材 |
| 690 | @aTP311.12@v5 | |
| 690 | @aTP312@v5 | |
| 701 | 0 | @a殷人昆@Ayin ren kun@4编著 |
| 801 | 0 | @aCN@bBJSZM@c20201106 |
| 905 | @b1213456-9@dTP311.12@e1558=2@f4 | |
| 数据结构:C语言版/殷人昆编著.-2版.-北京:清华大学出版社,2017.05(2019.12) |
| 10, 404页;26cm |
| 清华大学计算机系列教材 |
| ISBN 978-7-302-45989-7:CNY49.50 |
| 本书共8章。第1章介绍数据结构的地位和主要知识点,数据结构和算法的基本概念和算法分析的简单方法,以及C语言编程的要点。第2~8章分别介绍了线性表、栈和队列及其应用、多维数组、特殊矩阵、稀疏矩阵、字符串和广义表、树与二叉树、图、查找、排序,并做了适当延伸。 |
| ● |
| 相关链接 |
|
|
|
|
正题名:数据结构
索取号:TP311.12/1558=2
 
预约/预借
| 序号 | 登录号 | 条形码 | 馆藏地/架位号 | 状态 | 备注 |
| 1 | 1213456 | 212134563 | 第二样本阅览室/ [索取号:TP311.12/1558=2] | 在馆 | |
| 2 | 1213457 | 212134572 | 第三借阅区/ [索取号:TP311.12/1558=2] | 在馆 | |
| 3 | 1213458 | 212134581 | 第三借阅区/ [索取号:TP311.12/1558=2] | 在馆 | |
| 4 | 1213459 | 212134590 | 第三借阅区/ [索取号:TP311.12/1558=2] | 在馆 |